Dogmática del derecho disciplinario (Registro nro. 54461)
[ vista simple ]
| 000 -ENCABEZADO | |
|---|---|
| Número de control [NR] | 01204nam a2200265Ia 4500 |
| 008 - DE LONGITUD FIJA DE DATOS DE ELEMENTOS - INFORMACIÓN GENERAL | |
| Elementos de longitud fija [NR] | 130821s2011 ck gr spa |
| 020 ## - NUMERO INTERNACIONAL NORMALIZADO PARA LIBROS [R] | |
| Número Internacional Normalizado del libro [NR] | 9587102758 |
| 020 ## - NUMERO INTERNACIONAL NORMALIZADO PARA LIBROS [R] | |
| Número Internacional Normalizado del libro [NR] | 9789587107241 (5a.Ed.) |
| 040 ## - FUENTE DE CATALOGACION [NR] | |
| Agencia de catalogación original [NR] | CO-BoUCM |
| Idioma de catalogación [NR] | spa |
| Quien Cataloga | |
| Quien Clasifica | |
| 041 00 - CODIGO DE IDIOMA [R] | |
| Código de idioma para texto/pista de sonido o título separado [R] | Español |
| 100 1# - ASIENTO PRINCIPAL--NOMBRE PERSONAL [NR] | |
| Nombre personal [NR] | Gómez Pavajeau, Carlos Arturo |
| ID Autoridad | 42192 |
| 245 10 - MENCION DE TITULO [NR] | |
| Título [NR] | Dogmática del derecho disciplinario |
| Mención de responsabilidad, etc. [NR] | Carlos Arturo Gómez Pavajeau |
| 250 ## - MENCION DE EDICION [NR] | |
| Mención de edición [NR] | 5a ed |
| Resto de la mención de edición [NR] | actualizada |
| 260 ## - PUBLICACION, DISTRIBUCION, ETC. (PIE DE IMPRENTA) [R] | |
| Lugar de publicación, distribución, etc. [R] | Bogotá (Colombia) |
| Nombre del editor, distribuidor, etc. [R] | Universidad Externado de Colombia |
| Fecha de publicación, distribución, etc. [R] | 2011 |
| 300 ## - DESCRIPCION FISICA [R] | |
| Extensión [R] | 565 páginas |
| 500 ## - NOTA GENERAL [R] | |
| Nota general [NR] | Actualizada de acuerdo con las leyes 734 de 2002 y 1123 de 2007, la jurisprudencia de la corte constitucional en la materia, las decisiones de la Procuraduría General de la Nación y la Sala Jurisprudencial Disciplinaria del Consejo Superior de la Judicatura |
| 504 ## - NOTA DE BIBLIOGRAFIA, ETC. [R] | |
| Nota de bibliografía, etc. [NR] | Incluye referencias bibliográficas |
| 650 #7 - ASIENTO SECUNDARIO DE MATERIA - TERMINO TEMATICO [R] | |
| Término temático o nombre geográfico como elemento de entrada [NR] | Derecho administrativo |
| 9 (RLIN) | 12695 |
| 650 #7 - ASIENTO SECUNDARIO DE MATERIA - TERMINO TEMATICO [R] | |
| Término temático o nombre geográfico como elemento de entrada [NR] | Procedimiento administrativo |
| 9 (RLIN) | 22330 |
| 650 #7 - ASIENTO SECUNDARIO DE MATERIA - TERMINO TEMATICO [R] | |
| Término temático o nombre geográfico como elemento de entrada [NR] | Proceso disciplinario |
| 9 (RLIN) | 22381 |
| 650 #7 - ASIENTO SECUNDARIO DE MATERIA - TERMINO TEMATICO [R] | |
| Término temático o nombre geográfico como elemento de entrada [NR] | Responsabilidad administrativa |
| 9 (RLIN) | 23667 |
| 690 ## - ASUNTO AGREGADO LOCAL DE ENTRADA - TÉRMINO TEMÁTICO (OCLC, RLIN) | |
| Acceso temático local | Derecho Administrativo |
| 942 ## - ELEMENTOS DE ENTRADA AGREGADOS (KOHA) | |
| Tipo de ítem principal el descrito en 300a | Libro |
| Tema principal | Derecho |
| Edición | 5 |
| Parte restante de la signatura top. | G633d |
| Sistema de clasificación | DEWEY |
| Clasificación | 342.0684 |
| Fecha de último préstamo | Total préstamos | Total Renewals | Signatura topográfica | Código de barras | Última vez visto | Volúmen / Fascículo | Ejemplar | Price effective from | Tipo de ítem | Perdido | Sistema de clasificación | Dañado | No prestable | Tipo de ítem específico | Suprimido | Ubicación habitual | Ubicación actual | Localización | Fecha de creación | Forma de adquisición | Costo | Costo de reposición | Proveedor |
|---|---|---|---|---|---|---|---|---|---|---|---|---|---|---|---|---|---|---|---|---|---|---|---|
| 25/11/2019 | 58 | 4 | 342.0684 G633d | 100088380 | 12/06/2026 | 4a. Ed. | Ej.1 | 03/02/2013 | Libro | DEWEY | Libro | Claustro | Claustro | 3er piso | 30/09/2008 | Compra | 64000.00 | ||||||
| 15/05/2024 | 23 | 18 | 342.0684 G633d | 100135513 | 05/12/2025 | 5a.Ed. | Ej.1 | 29/07/2013 | Libro | DEWEY | Libro | Claustro | Claustro | 3er piso | 29/07/2013 | Compra | 59760.00 | 59760.00 | 1 | ||||
| 25/08/2021 | 25 | 18 | 342.0684 G633d | 100135514 | 05/12/2025 | 5a.Ed. | Ej.2 | 29/07/2013 | Libro | DEWEY | Libro | Claustro | Claustro | 3er piso | 29/07/2013 | Compra | 59760.00 | 59760.00 | 1 | ||||
| 342.0684 G633d | 100164201 | 06/12/2024 | 2a.Ed. | Ej.1 | 02/10/2019 | Libro | DEWEY | Libro | BodegaJK | Claustro | Préstamo 2 días después de solicitado | 02/10/2019 | Donación | 0.00 | 26000.00 | 12 | |||||||
| 342.0684 G633d | 100169649 | 09/12/2024 | 5a.Ed. | Ej.3 | 18/02/2022 | Libro | DEWEY | Libro | BodegaJK | Claustro | Préstamo 2 días después de solicitado | 18/02/2022 | Donación | 0.00 | 26000.00 |